The vvay of the churches of Christ in New-England, or, The vvay of churches walking in brotherly equalitie, or co-ordination, without subjection of one church to another : measured and examined bythe golden reed of the sanctuary, containing a full declaration of the church-way in all particulars /

Bibliographic Details
Main Author: Cotton, John, 1584-1652
Format: eBook
Language:English
Published: London : Printed by Matthew Simmons ..., 1645.
Series:Early English books online.
Subjects:
Online Access:Connect to the full text of this electronic book
Connect to the full text of this electronic book

MARC

Tag First Indicator Second Indicator Subfields
LEADER 00000nam a2200000Ia 4500
001 in00004186713
005 20200810073042.0
006 m g d
007 cr bn |||a|bb|
008 850705s1645 enk o 00| | eng d
035 |a (OCoLC)12234661 
040 |c EAA  |d UMI  |d WaOLN 
037 |a CL0037000004  |b ProQuest Information and Learning. 300 N. Zeeb Rd., Ann Arbor, MI 48106 
043 |a n-usn-- 
049 |a UMIA 
100 1 |a Cotton, John,  |d 1584-1652. 
245 1 4 |a The vvay of the churches of Christ in New-England, or, The vvay of churches walking in brotherly equalitie, or co-ordination, without subjection of one church to another :  |b measured and examined bythe golden reed of the sanctuary, containing a full declaration of the church-way in all particulars /  |c by Mr. J. Cotton ... 
260 |a London :  |b Printed by Matthew Simmons ...,  |c 1645. 
300 |a 1 online resource ([8], 116, [3] pages) 
336 |a text  |b txt  |2 rdacontent 
337 |a computer  |b c  |2 rdamedia 
338 |a online resource  |b cr  |2 rdacarrier 
500 |a "Published according to order" 
500 |a Reproduction of original in Thomason Collection, British Library, and Massachusetts Historical Society Library. 
510 4 |a Wing  |c C6471 
533 |a Electronic reproduction.  |b Ann Arbor, Mich. :  |c UMI,  |d 1999-  |f (Early English books online)  |n Digital version of: (Early English books, 1641-1700 ; 137:5 and 137:6)  |7 s1999 miun s 
650 0 |a Church polity. 
650 0 |a Congregational churches  |x Government. 
740 0 |a Way of the churches of Christ in New-England. 
740 0 |a Way of churches walking in brotherly equalitie. 
830 0 |a Early English books online. 
856 4 0 |u http://proxy.library.tamu.edu/login?url=https://search.proquest.com/docview/2264193285  |z Connect to the full text of this electronic book  |t 0 
856 4 0 |u http://proxy.library.tamu.edu/login?url=https://search.proquest.com/docview/2264183553  |z Connect to the full text of this electronic book  |t 0 
999 f f |s 88427b7c-7b6e-36b5-96b8-1f008204861f  |i 875f5558-16aa-31f6-b3ac-0596ee3c331d  |t 0 
952 f f |a Texas A&M University  |b College Station  |c Electronic Resources  |d Available Online  |t 0  |h No information provided 
998 f f |t 0  |l Available Online